000 00226nam a22000857a 4500
008 160922b xxu||||| |||| 00| 0 eng d
100 _9705
_aKundra.D.N.
245 _aSocial Science-X
260 _aNew Delhi
_bDhanpat Publications
_c2015
999 _c3362
_d3362